|
|
|
|
| LEADER |
00000nam a2200000 a 4500 |
| 001 |
vtls001308091 |
| 003 |
SK-MaSNL |
| 005 |
20260302032948.0 |
| 008 |
180812s1925 xo 0 ger |
| 020 |
|
|
|c b.c.
|
| 035 |
|
|
|a SNK000260385
|
| 040 |
|
|
|a SNK
|b slo
|c SNK
|e AACR2
|
| 044 |
|
|
|a xo
|c SK
|
| 080 |
|
|
|a 331.116
|2 1981
|
| 110 |
0 |
|
|a Handlovské uhoľné bane
|4 aut
|9 237475
|
| 245 |
1 |
|
|a Arbeiter-Kollektiv-Vertrag für die Handlovaer Kohlenbergwerke, giltig vom 1. Mai 1925
|
| 260 |
|
|
|a [Handlová
|b Handlovaer Kohlenbergbau]
|c 1925
|e Bratislava
|f Ján Pocisk
|
| 650 |
0 |
7 |
|a zmluvy pracovné
|x bane uhoľné
|z Handlová (Slovensko)
|x príručky
|2 SNK
|9 682574
|
| 958 |
|
|
|a OND
|
| 999 |
|
|
|c 1059430
|d 1061360
|
| 952 |
|
|
|t P60, <03>, [BOOK], {603}
|a SNK
|b SNK
|y PREZ
|7 0
|p 17A0103641
|o snkOSC 19379
|i snkD 1223/97
|0 0
|1 0
|4 0
|d 1997-10-29
|l 0
|r 2005-01-02 00:00:00
|w 2026-02-24
|